|
|
|
|
| LEADER |
00000nam0a2200000 4500 |
| 001 |
174837 |
| 005 |
20231101223203.0 |
| 010 |
|
|
|a 9785317029494
|
| 035 |
|
|
|a (RuTPU)RU\TPU\book\189585
|
| 090 |
|
|
|a 174837
|
| 100 |
|
|
|a 20100204d2009 k y0rusy50 ca
|
| 101 |
0 |
|
|a rus
|
| 102 |
|
|
|a RU
|
| 105 |
|
|
|a a z 001zy
|
| 200 |
1 |
|
|a Математическое моделирование магистральных трубопроводных систем
|e дополнительные главы
|f В. Е. Селезнев, В. В. Алешин, С. Н. Прялов
|g под ред. В. Е. Селезнева
|
| 210 |
|
|
|a Москва
|c МАКС Пресс
|d 2009
|
| 215 |
|
|
|a 356 с.
|c ил.
|
| 320 |
|
|
|a Библиогр.: с. 348-354.
|
| 320 |
|
|
|a Список принятых сокращений: с. 15.
|
| 330 |
|
|
|a В монографии содержится детальное описание новой редакции концепции и новых методов высокоточного численного моделирования магистральных трубопроводных систем. Предложенные концепция и методы являются базовыми элементами теоретического фундамента современного компьютерного аналитического инструментария для эффективного решения широкого круга технических и технологических проблем проектирования, сооружения и функционирования объектов трубопроводного транспорта на протяжении их жизненных циклов. Они подтвердили надежность и эффективность своего практического применения при решении производственных задач, характерных для топливно-энергетического комплекса.
|
| 606 |
1 |
|
|a Трубопроводы
|x Математическое моделирование
|2 stltpush
|3 (RuTPU)RU\TPU\subj\61762
|9 78925
|
| 610 |
1 |
|
|a магистральные системы
|
| 610 |
1 |
|
|a численное моделирование
|
| 610 |
1 |
|
|a нестационарные неизотермические течения
|
| 610 |
1 |
|
|a газожидкостные смеси
|
| 610 |
1 |
|
|a транспортировка
|
| 610 |
1 |
|
|a многокомпонентные жидкости
|
| 610 |
1 |
|
|a численный анализ
|
| 610 |
1 |
|
|a конструкции
|
| 610 |
1 |
|
|a несущая способность
|
| 675 |
|
|
|a 621.643.001
|v 3
|
| 700 |
|
1 |
|a Селезнев
|b В. Е.
|g Вадим Евгеньевич
|
| 701 |
|
1 |
|a Алешин
|b В. В.
|g Владимир Васильевич
|
| 701 |
|
1 |
|a Прялов
|b С. Н.
|g Сергей Николаевич
|
| 702 |
|
1 |
|a Селезнев
|b В. Е.
|g Вадим Евгеньевич
|4 340
|
| 801 |
|
1 |
|a RU
|b 63413507
|c 20100204
|
| 801 |
|
2 |
|a RU
|b 63413507
|c 20150626
|g RCR
|
| 942 |
|
|
|c BK
|